Lobo kena dera

Bibliographic Details
Main Author: Suraya Hussin
Format: Book
Published: Terengganu : Samudera Didik , 2012
Series:Riang Ria Dinosour
Subjects:

MARC

LEADER 00000cam a2200000 7i4500
001 0000044261
005 20151222.0
008 141218
020 |a 9670106403 
090 0 0 |a JF   |b MAL 
100 1 |a Suraya Hussin 
245 1 0 |a Lobo kena dera   |c Suraya Hussin 
260 |a Terengganu :   |b Samudera Didik ,   |c 2012 
490 1 |a Riang Ria Dinosour 
500 |a Children ages 7-9 years old (orange) 
650 0 |a Children's,stories   |x Malay 
999 |a 0001323874   |b Book   |c Children Collection   |e Perbadanan Perpustakaan Awam Johor 
999 |a 0001323887   |b Book   |c Children Collection   |e Perbadanan Perpustakaan Awam Johor